Responses for Show #8761 - Monday, December 12, 2022

Sean McShane game 1.

Contestants

[<< previous game]

Kris Anne Bonifacio, a website manager from Raleigh, North Carolina

Sean McShane, a nonprofit membership associate originally from West Islip, New York

Matthew Ott, an accountant originally from Boston, Massachusetts (whose 1-day cash winnings total $23,197)

[next game >>]

Jeopardy! Round responses

BEN FRANKLIN
TRUE GRIME
WITH A SONG IN YOUR BRAIN
LOST FOR WORDS
OUTBREAKS
THE MOVIE'S TITLE IN OTHER COUNTRIES
    $200 4
Harvard

Sean
    $200 30
soil

Sean
    $200 1
(Sean: What is a theme?)

a melody

MatthewSean
    $200 16
the cracks

Sean
    $200 21
polio

Kris Anne
    $200 10
the Ghostbusters

Sean
    $400 5
Postmaster General

Sean
    $400 29
scum

Kris Anne
    $400 2
a ballad

Matthew
    $400 17
marooned

Kris Anne
    $400 22
the (bubonic) plague

Triple Stumper
    $400 11
Grease

Triple Stumper
    $600 6
(Ken: That's right, it was a dangerous job back then to be on the tallest building in town.)

bell ringers

Sean
    $600 28
a mire (mired)

Sean
    $600 3
to croon

Sean
    $600 18
a fish out of water

Sean
    $600 23
the Spanish flu

Matthew
    $600 12
Thelma & Louise

Sean
    $800 7
self-evident

Matthew
    $800 27
smut

Sean
    $1,400 8
harmony

Matthew
    $800 19
absentia

Sean
    $800 24
cholera

Kris Anne
    $800 13
Free Willy

Kris Anne
    $1000 15
if you can keep it

Triple Stumper
    $1000 26
tarnish

Sean
    $1000 9
sheet music

Sean
    $1000 20
no man's land

Matthew
    $1000 25
smallpox

Triple Stumper
    $1000 14
(Matthew: What is Fear and Loathing in Las Vegas?)
[ERRATUM: The Japanese title of the correct-response film was simply the English title transliterated into katakana. Jeopardy!'s researchers were fooled by a debunked spoof. The spoof title appeared in an article with a number of similar spoofs on TopFive.com in August 1998. A 1998-12-04 Washington Post article entitled "Titles Too Bad To Be True" debunked the spoof titles.]

Leaving Las Vegas

MatthewSean

Scores at the first commercial break (after clue 15):

Matthew Sean Kris Anne
$1,800 $4,400 $800

Scores at the end of the Jeopardy! Round:

Matthew Sean Kris Anne
$3,400 $8,600 $2,600

Double Jeopardy! Round responses

19th CENTURY LITERATURE
CHICAGO TV
"Y-U"
NO GOOD
LOW DOWN
SEW & SEW
    $400 30
(Sean: What is Castaway?)

Kidnapped

Sean
Triple Stumper
    $400 29
chef

Kris Anne
    $400 9
a yule log

Sean
    $400 16
Al Capone

Sean
    $400 10
a dike

Triple Stumper
    $400 15
an eye

Sean
    $800 24
[Kris Anne does not include the leading article in her response.]

The Spy

Kris Anne
    $800 28
The Time Traveler's Wife

Triple Stumper
    $800 8
Yuri

Matthew
    $800 17
Noriega

Matthew
    $800 11
Baja California

Sean
    $800 23
a zigzag stitch

Kris Anne
    $1200 3
Athos

Triple Stumper
    $1200 22
Chicago Fire

Sean
    $1200 7
a yucca

Sean
    $1200 18
Bulger

Sean
    $3,000 12
contiguous

Sean
    $1200 27
measure

Matthew
    $4,600 4
(Ken: Kris Anne?)
(Kris Anne: Um... who is...)
...
(Ken: The other novel-- Frankenstein.)

Mary Shelley

Kris Anne
    $1600 1
(Ken: A classic, yes.)

Perfect Strangers

Matthew
    $1600 6
the Yukon

Sean
    $1600 19
Escobar

Matthew
    $1600 13
the Dead Sea

Sean
    $1600 26
a bobbin

Sean
    $2000 21
My Last Duchess

Triple Stumper
    $2000 2
Lena Waithe

Kris Anne
    $2000 5
a yurt

Sean
    $2000 20
"The Oddfather"

Triple Stumper
    $2000 14
the Clyde

Triple Stumper
    $2000 25
to baste

Kris Anne

Scores at the end of the Double Jeopardy! Round:

Matthew Sean Kris Anne
$9,400 $23,600 $4,000
(lock game)

[wagering suggestions for these scores]

Final Jeopardy! Round responses

LATIN PHRASES
(Ken: The expression--[*], substituting one thing for something else; started out with prescriptions.)
Kris AnneWhat is vis a vis?
$4,000
MatthewWhat is placebo?
$0
SeanWhat is ?
$3,000
quid pro quo

Final scores:

Matthew Sean Kris Anne
$9,400 $20,600 $0
2nd place: $2,000 New champion: $20,600 3rd place: $1,000

Game dynamics:

Coryat scores:

Matthew Sean Kris Anne
$8,800 $21,800 $8,600
11 R
(including 1 DD),
1 W
27 R
(including 1 DD),
2 W
10 R,
1 W
(including 1 DD)

Combined Coryat: $39,200

[game clues] [game scores] [suggest correction]

Game tape date: 2022-10-24
The J! Archive is created by fans, for fans. Scraping, republication, monetization, and malicious use prohibited; this site may use cookies and collect identifying information. See terms. The Jeopardy! game show and all elements thereof, including but not limited to copyright and trademark thereto, are the property of Jeopardy Productions, Inc. and are protected under law. This website is not affiliated with, sponsored by, or operated by Jeopardy Productions, Inc. Join the discussion at JBoard.tv.